| 000 | 01143nam a22003257a 4500 | ||
|---|---|---|---|
| 003 | CHAP | ||
| 005 | 20220329135422.0 | ||
| 008 | 971013s1982 r 00010 d | ||
| 010 | _a36130 | ||
| 011 | _a37102 | ||
| 035 | _a41221 | ||
| 040 | _cCHAP | ||
| 090 | _aTesis | ||
| 100 | 0 | 0 |
_aOrizaga Vázquez del Mercado, Jorge Antonio. _983591 |
| 245 | _aEfecto del congelamiento sobre la movilidad progresiva y la estructura acrosomal de espermatozoide de morueco | ||
| 260 |
_aMéxico, D. F. : _bEl autor, _c1982 |
||
| 300 | _a28 h. | ||
| 502 | _aTesis (Médico Veterinario Zootecnista) -- UNAM. Facultad de Medicina Veterinaria y Zootecnia | ||
| 590 |
_aALEPH _b10 _c20130110 _lUCH01 _h1301 |
||
| 590 |
_aBATCH-UPD _b10 _c20130110 _lUCH01 _h2118 |
||
| 590 |
_aBATCH-UPD _b10 _c20130410 _lUCH01 _h1428 |
||
| 590 |
_aBATCH-UPD _b10 _c20130914 _lUCH01 _h1954 |
||
| 590 |
_aCONVERSION _b10 _c20130109 _lUCH01 _h1320 |
||
| 650 | 1 | 4 |
_aSemen _xGanado cabrío. _9103861 |
| 650 | 1 | 4 |
_aSemen _xPreservación. _9103866 |
| 650 | 1 | 4 |
_aTemperatura _xEfecto en semen. _9112221 |
| 901 | _aBK | ||
| 942 | _cTESIS | ||
| 949 |
_bBC _cTES _d-94356 _eTS1 _h18287 _i41221 _si |
||
| 999 |
_c36130 _d36130 |
||